1900 1269 1542 1140 1896 1657 1454 1784 1686 1587 1829 1083 1915 1221 1151 1456 1205 1142 1388 1803 1894 1282 1965 1755 1590 1947 1800 1175 1441 1701 1795 1644 1882 1748 1067 1552 1008 1309 1900 1624 1405 1908 1602 1921 1478 1634 1778 1273 1063 1928 1570 1092 1314 1552 1465 1703 1748 1076 1694 1391 1618 1444 1303 1054 1738 1498 1461 1886 1991 1990 1615 1326 1303 1712 1400 1168 1129 1414 1330 1800 1449 1374 1887 1686 1698 1333 1367 1676 1063 1667 1490 1482 1448 1052 1363 1845 1149 1723 1479 BCNSPRNW ULIB Ver.6.0+V

เปลี่ยนเป็นภาษาไทย

Change to English
 แสดงรายละเอียดบรรณานุกรม
  กลับหน้าหลัก

Brief Record : Get Marc (ISO 2709) : E-mail record : QR code < ปิดหน้าต่าง
LEADER : 00000nam 2200000uu 4500
001    13399110934
003     ULIB
008    110613s||||||||th 000 0 tha d
020    9749183320
050  4 AC158^bบ215ด 2004
100    บริจิด อวิสัน
245    เด็กๆรู้ไหมทำไมท้องร้องจ๊อกจ๊อก /^cผู้แต่ง บริจิด อวิสัน
260    กรุงเทพฯ : ^bโกรเลียร์ อินเตอร์เนชั่นแนล, ^c2004
300    32 หน้า : ^bภาพประกอบสี ; ^c28 ซม.
650  7 ความรู้รอบตัว
650  7 หิว
650  7 ย่อยอาหาร
945    ^p350^l0^i029063
995    ทศพร
999 ^a ใช้งานได้ทุกระบบ
รายการนี้ยังไม่มีแท็ก
คุณยังไม่ได้ล็อกอิน คุณสามารถมีกิจกรรมร่วมกับเว็บไซต์ได้ แต่ต้องล็อกอินก่อน ::
  ล็อกอิน

รายการสื่อสารสนเทศ

ลำดับที่ ประเภท เลขเรียก/บาร์โค้ด สถานที่ สถานะ
- ไม่พบข้อมูล -

รายการใกล้เคียง
    หัวเรื่อง [ความรู้รอบตัว]
    หัวเรื่อง [หิว]
    หัวเรื่อง [ย่อยอาหาร]

BibComment


ยังไม่เคยถูกคอมเมนท์

คอมเมนท์ทรัพยากรรายการนี้
  คอมเมนท์: เด็กๆรู้ไหมทำไมท้..


 Copyright 2026. Bcnsprnw @Library